000 00998nam a2200277 i 4500
001 bg
003 KOSZ 005
005 20191003111050.0
008 071017s1967 pl a g 001 0 pol
015 _aPB 1968/1916
040 _aWA N
_cKOSZ 005/RW
_dKOSZ 005/RW
080 _a62(084.1)+53(084.1)
100 1 _aSosiński, Rajmund
_d(1907-1980).
245 1 0 _aObrazki ze świata fizyki i techniki /
_cRajmund Sosiński ; [il. Stanisław Chorzemski].
260 _aWarszawa :
_bWydawnictwo Ministerstwa Obrony Narodowej,
_c1967.
300 _a229, [2] s. :
_bil. ;
_c25 cm.
380 _aKsiążki.
504 _aIndeks.
655 4 _aWydawnictwa popularne
650 4 _aFizyka
650 4 _aTechnika
700 1 _aChorzemski, Stanisław
_d(1927- ).
_eIl.
710 2 _aWydawnictwo Ministerstwa Obrony Narodowej
_4pbl.
856 _uhttp://koha.tu.koszalin.pl/cgi-bin/koha/opac-detail.pl?biblionumber=11246
_yKatalog online BPK
942 _2UKD
_cKS
999 _c11246
_d11246